| 000 | 00498nam a22001337a 4500 | ||
|---|---|---|---|
| 999 |
_c67414 _d67411 |
||
| 100 |
_aImran Khan _a17-16MCEM05 _aSupervisor - Prof.Dr. Daddan Khan Bangwar |
||
| 245 | _aInvestigating the Effect of Underground Water on Mechanical and Durability Properties of Brick Kiln Ash Concrete | ||
| 260 |
_aNawabshah _bQuest _c2021 |
||
| 300 | _a42p. | ||
| 650 | _aConstruction Engineering and Management | ||
| 700 | _aDeparment of Civil Engineering | ||
| 856 | _uhttp://tinyurl.com/ycxpztuv | ||
| 942 | _cTHESIS | ||